वेदना के वे सोपान / (Record no. 39005)

MARC details
000 -LEADER
fixed length control field 01114nam a22002417a 4500
005 - DATE AND TIME OF LATEST TRANSACTION
control field 20100803151349.0
010 ## - LCCN (DPL NO)
LC control number HIN-89974
020 ## - INTERNATIONAL STANDARD BOOK NUMBER
Terms of availability 250.00
International Standard Book Number 8181291840
020 ## - INTERNATIONAL STANDARD BOOK NUMBER
Terms of availability 250.00
International Standard Book Number 9788181291844
035 ## - SYSTEM CONTROL NUMBER
System control number HN-62320
037 ## - SOURCE OF ACQUISITION
Source of stock number/acquisition DBAD / PUB
082 ## - DEWEY DECIMAL CLASSIFICATION NUMBER
Classification number
100 ## - MAIN ENTRY--PERSONAL NAME
Personal name शर्मा, स्वर्णलता
245 ## - TITLE STATEMENT
Title वेदना के वे सोपान /
Statement of responsibility, etc स्वर्णलता शर्मा
246 ## - VARYING FORM OF TITLE
Title proper/short title Vedna Ke Ve Sopan
Remainder of title by Swarnlata Sharma
260 ## - PUBLICATION, DISTRIBUTION, ETC. (IMPRINT)
Place of publication, distribution, etc नई दिल्ली
Name of publisher, distributor, etc नमन प्रकाशन
Date of publication, distribution, etc 2009
270 ## - ADDRESS
Address 4231/1, अंसारी रोड़, दरियागंज
City नई दिल्ली
Postal code 110002
Telephone number 011-23247003, 23254306
300 ## - PHYSICAL DESCRIPTION
Extent 170पृ.
Dimensions 22सेमी (सजिल्द)
650 ## - SUBJECT ADDED ENTRY--TOPICAL TERM
Topical term following geographic name as entry element हिन्दी कथा साहित्य
650 ## - SUBJECT ADDED ENTRY--TOPICAL TERM
Topical term following geographic name as entry element Hindi Katha Sahitya
942 ## - ADDED ENTRY ELEMENTS (KOHA)
Source of classification or shelving scheme Dewey Decimal Classification
Item type Hindi Books
Classification part
Call number suffix शर्मास्व
Holdings
Withdrawn status Lost status Not for loan Collection code Home library Current library Date acquired Source of acquisition Cost, normal purchase price Full call number Barcode Copy number Cost, replacement price Koha item type
    Not For Loan Fiction D.B.Act.Division D.B.Act.Division 03/08/2010 DBAD / PUB 250.00 उ शर्मास्व HN-62320 1 250.00 Hindi Books

© Delhi Public Library
Hit Counter
free hit counter